| 000 | 00745nam a22002297a 4500 | ||
|---|---|---|---|
| 005 | 20250507141945.0 | ||
| 008 | 250507b |||||||| |||| 00| 0 eng d | ||
| 020 | _a978-1-032-98249-6 (hbk) | ||
| 037 | _cTB | ||
| 040 |
_aCRL _cCRL |
||
| 041 |
_2eng _aeng |
||
| 084 |
_aQ2 R5 _qCRL |
||
| 100 | _aSen, Amiya P. | ||
| 245 |
_aHindutva before hindutva: _bSelected writings and discourses of Chandranath Basu in translation |
||
| 260 |
_aLondon, UK: _bRoutledge, _c2025. |
||
| 300 | _axiii, 225p. | ||
| 365 |
_b1295.00 _cINR |
||
| 650 | _aReligion | ||
| 650 | _aPolitical Science | ||
| 942 |
_2CC _cTB _hQ2 R5 _n0 |
||
| 999 |
_c1320322 _d1320322 |
||